Yvelines - mort subite - Statistiques

Statistiques générales
  • Ce quiz a été pris 50 fois
  • Le résultat moyen est 11 sur 18
Answers on the Grid
Answers color-coded by a green-red scale on the quiz's grid according to % correct below.
Palais du Luxembourg
Auxerre
La capitale française de 2022 de l'usage de la drogue
Pégou
Tour Eiffel
Nampho
Château de Versailles
L'ancienne capitale de la France
Montigny-le-Bretonneux
Rambouillet
Mantes-la-Jolie
Châtellerault
Courbevoie
Palais-Royal
Nice
Un siège du parlement français
Tours
Saint-Germain-en-Laye
Les Mureaux
Châtenay-Malabry
Chevreuse
Guyancourt
Le département le plus riche de France
Neuville-sur-Escaut
Guéret
Orsay
Palais Garnier
Belfort
Sartrouville
Saint-Pol-de-Léon
Houilles
Trappes
Poissy
Conflans-Sainte-Honorine
Gif-sur-Yvette
Sochaux
 
Statistiques - réponses
Réponse % Correct
Château de Versailles
89%
Mantes-la-Jolie
84%
Rambouillet
84%
Saint-Germain-en-Laye
84%
Guyancourt
81%
Montigny-le-Bretonneux
81%
Trappes
76%
Les Mureaux
73%
Conflans-Sainte-Honorine
68%
Poissy
68%
Houilles
65%
Sartrouville
62%
Chevreuse
57%
Dans certaines situations (château de Versailles) Un siège du parlement français
35%
Versailles, 18e siècle et 1871-79 L'ancienne capitale de la France
32%
Gif-sur-Yvette
30%
Orsay
14%
Indre-et-Loire Tours
0%
Aucun quiz correspondant
Distribution des résultats
% des personnes avec chaque résultat
Percentile par nombre de réponses
Votre historique - résultats
Vous n’avez pas pris ce quiz